000
00269nam a2200109Ia 4500
008
200302s9999 xx 000 0 und d
100
_a
Bonnie L. Yegidis
245
_a
Research Methods for Social Workers
260
_b
Allyn and Bacon
260
_c
2002
300
_a
323 P.,
999
_c
5487
_d
5487